000
nam a22 7a 4500
999
_c
342499
_d
342499
003
NUST
005
20171228114838.0
008
171228b xxu||||| |||| 00| 0 eng d
040
_c
0
082
_a
297.122 DAR
245
_a
Yasin
_c
Darussalam
260
_a
Lahore
_b
Darussalam
_c
2011
300
_a
18p.
500
_a
P.B
942
_2
ddc
_c
BK
_k
IESE